മാമ ആഫ്രിക്ക | Mama africa (Record no. 17654)
[ view plain ]
| 000 -LEADER | |
|---|---|
| fixed length control field | 01689nam a22001817a 4500 |
| 003 - CONTROL NUMBER IDENTIFIER | |
| control field | OSt |
| 008 - FIXED-LENGTH DATA ELEMENTS--GENERAL INFORMATION | |
| fixed length control field | 230506b |||||||| |||| 00| 0 eng d |
| 041 ## - LANGUAGE CODE | |
| Language code of text/sound track or separate title | MAL |
| 082 ## - DEWEY DECIMAL CLASSIFICATION NUMBER | |
| Classification number | 894.812 3 |
| Item number | RAM/MA |
| 100 ## - MAIN ENTRY--AUTHOR NAME | |
| Personal name | ടി ഡി രാമകൃഷ്ണൻ |
| -- | Ramakrishnan, T.D |
| 245 ## - TITLE STATEMENT | |
| Title | മാമ ആഫ്രിക്ക |
| Remainder of title | Mama africa |
| 250 ## - EDITION STATEMENT | |
| Edition statement | 9 |
| 260 ## - PUBLICATION, DISTRIBUTION, ETC. (IMPRINT) | |
| Place of publication | Kottayam |
| Name of publisher | DCBOOKS |
| Year of publication | 2022 |
| 300 ## - PHYSICAL DESCRIPTION | |
| Number of Pages | 440 |
| Accompanying material | Map |
| 500 ## - GENERAL NOTE | |
| General note | Noval |
| 520 ## - SUMMARY, ETC. | |
| Summary, etc | മലയാളത്തില് എഴുതി ഇംഗ്ലിഷിലും സ്വഹിലിയിലും ഭാഷാന്തരം ചെയ്ത് പ്രസിദ്ധീകരിക്കുന്ന യുഗാണ്ടന് എഴുത്തുകാരി താരാ വിശ്വനാഥിന്റെ രചനകളുടെ രൂപത്തിലാണ് ടി.ഡി. രാമകൃഷ്ണന് ഈ നോവല് ആഖ്യാനം ചെയ്യുന്നത്. ബ്രിട്ടീഷുകാര് റെയില്വേ നിര്മ്മാണത്തിനായി ആഫ്രിക്കയിലേക്കു കൊണ്ടുപോയ മലയാളികളില് ഒരാളുടെ പിന്മുറക്കാരിയാണ് താര. അധികാരശക്തികള്ക്കു മുമ്പില് പൊരുതുകയും ഇരയാക്കപ്പെടുകയും ചെയ്യുന്നവരുടെ കഥയാണ് താരാ വിശ്വനാഥിലൂടെ ആവിഷ്കരിക്കപ്പെടുന്നത്. |
| 942 ## - ADDED ENTRY ELEMENTS (KOHA) | |
| Koha item type | Books |
| Withdrawn status | Lost status | Damaged status | Collection code | Home library | Current library | Shelving location | Date acquired | Cost, normal purchase price | Full call number | Accession Number | Koha item type |
|---|---|---|---|---|---|---|---|---|---|---|---|
| Fiction | KAUAET | KAUAET | Fiction | 06/05/2023 | 499.00 | 894.812 3 RAM/MA | 26217 | Books |
